LEADER 01138nam0-22003011i-450- 001 990001863840403321 005 20041116150451.0 035 $a000186384 035 $aFED01000186384 035 $a(Aleph)000186384FED01 035 $a000186384 100 $a20030910d1964----km-y0itay50------ba 101 0 $aita 200 1 $aContributo allo studio dell'influenza esercitata dall'aldeide formica, impiegata come conservativo del latte, sul contenuto in aminoacidi del formaggio grana$fAlberto Bonomi 210 $aModena-Milano$c...$d1964 215 $a14 p.$d25 cm 225 1 $aRaccolta di memorie$fUniversità degli studi di Torino. Facoltà di scienze agrarie$v373 300 $aEstr. da: Il Latte, n. 1,1964 610 0 $aLatte 676 $a637.1 700 1$aBonomi,$bAlberto$081798 801 0$aIT$bUNINA$gRICA$2UNIMARC 901 $aBK 912 $a990001863840403321 952 $a60 MISC. B 131/373$fFAGBC 959 $aFAGBC 996 $aContributo allo studio dell'influenza esercitata dall'aldeide formica, impiegata come conservativo del latte, sul contenuto in aminoacidi del formaggio grana$9401447 997 $aUNINA LEADER 01288nam a2200253 i 4500 001 991000948669707536 008 050406s1995 nyu||||| 10|| eng d 020 $a0387945644 035 $ab13297466-39ule_inst 040 $aDip.to Ingegneria dell'Innovazione$beng 245 00$aWavelets and statistics /$cAnestis Antoniadis, Georges Oppenheim (editors) 260 $aNew York :$bSpringer-Verlag,$cc1995 300 $a410 p. :$bill ;$c24 cm 440 0$aLecture notes in statistics ;$v103 500 $a"On November 16-18, 1994, a Conference on Wavelets and Statistics was held at Villard de Lans, France, organized by the Institute IMAG-LMC, Grenoble, France."--Pref. 700 1 $aAntoniadis, Anestis$eauthor$4http://id.loc.gov/vocabulary/relators/aut$0737862 700 1 $aOppenheim, Georges$eauthor$4http://id.loc.gov/vocabulary/relators/aut$0267309 711 2 $aConference on Wavelets and Statistics$d<1994 ;$cGrenoble, France> 907 $a.b13297466$b21-09-06$c06-04-05 912 $a991000948669707536 945 $aLE026 519.54 ANT 01.01 1995$g1$i2026000023137$lle026$nProf.Pacella / Biblioteca$op$pE82.95$q-$rl$s- $t4$u3$v1$w3$x0$y.i14066336$z12-05-05 996 $aWavelets and statistics$91461221 997 $aUNISALENTO 998 $ale026$b06-04-05$cm$da $e-$feng$gnyu$h0$i0